Top Languages of British Columbia - Statistics

General Stats
  • This quiz has been taken 77 times
    64 since last reset
  • The average score is 18 of 20
Answer Stats
Number of Speakers Language % Correct
4,753,275 English
98%
327,350 French
98%
143,900 Spanish
98%
312,625 Mandarin
95%
24,065 Min
95%
84,325 German
93%
36,370 Italian
93%
42,390 Russian
93%
134,950 Hindi
91%
41,835 Japanese
87%
69,935 Korean
85%
315,000 Punjabi
85%
35,595 Arabic
84%
246,045 Cantonese
84%
68,960 Persian
84%
33,005 Portuguese
84%
133,780 Tagalog
82%
41,975 Vietnamese
80%
22,375 Dutch
75%
25,780 Urdu
71%
No matching quizzes found
Score Distribution
Percent of People with Each Score
Percentile by Number Answered
Your Score History
You have not taken this quiz since the last reset